| 000 | 00530nam a2200193 a 4500 | ||
|---|---|---|---|
| 001 | 2504 | ||
| 003 | CDMR | ||
| 005 | 20131021110815.0 | ||
| 008 | 130130s1987||||||||||||||||||||||||||||d | ||
| 020 | _a8420515655 | ||
| 040 |
_aCDMR _bcat _cCDMR |
||
| 100 | 1 |
_aMartín Aguado, José Antonio _9810 |
|
| 245 | 1 | 0 |
_aLectura estética y técnica de un diario _cJosé A. Martín Aguado |
| 260 |
_aMadrid _c1987 _bAlhambra |
||
| 490 | 0 | _aCiencia y Técnica | |
| 650 | 0 | 4 |
_91840 _aDiaris _xDisseny |
| 650 | 0 | 4 |
_92796 _aImpremta |
| 942 |
_cMON _2udc |
||
| 999 |
_c2504 _d2504 |
||